Statistiche per 15 nazioni più ricche al mondo

Clicka qui per fare il quiz!

Statistiche generali

  • Questo quiz è stato fatto 54 volte
  • Il punteggio medio è 10 su 15

Statistiche sulle risposte

CONTINENTENAZIONE% Corretto
EUROPALUSSEMBURGO
85%
EUROPASVEZIA
85%
EUROPANORVEGIA
83%
AMERICAUSA
83%
AMERICACANADA
79%
OCEANIAAUSTRALIA
77%
EUROPADANIMARCA
75%
EUROPASVIZZERA
75%
EUROPAISLANDA
60%
ASIASINGAPORE
58%
EUROPAOLANDA
56%
ASIAQATAR
54%
ASIAEMIRATI ARABI UNITI
52%
EUROPAIRLANDA
46%
ASIAISRAELE
29%

Distribuzione punteggi

Percentile per numero di risposta

Percentuale di utenti per punteggio

I tuoi punteggi nel tempo

Non hai fatto questo quiz